Statistics for Blur Songs

Click here to take the quiz!

General Stats

  • This quiz has been taken 469 times
  • The average score is 40 of 111

Answer Stats

HintAnswer% Correct
Parklife
93%
Song 2
88%
Country House
86%
Girls & Boys
78%
Beetlebum
73%
Charmless Man
71%
Coffee & TV
71%
Tender
69%
Think TankThere's No Other Way
68%
For Tomorrow
67%
The Universal
66%
LeisureShe's So High
64%
Tracy Jacks
57%
Chemical World
56%
Stereotypes
55%
End of a Century
54%
To the End
54%
This Is a Low
49%
Modern Life Is RubbishBang
48%
Sunday Sunday
48%
Advert
47%
Bank Holiday
46%
M.O.R.
45%
13Sing
45%
London Loves
43%
No Distance Left to Run
43%
Blue Jeans
42%
Colin Zeal
41%
Jubilee
41%
On Your Own
41%
Out of Time
41%
You're So Great
41%
Yuko and Hiro
41%
Villa Rosie
40%
Clover Over Dover
39%
Dan Abnormal
39%
Miss America
39%
Oily Water
39%
Star Shaped
39%
Badhead
38%
Essex Dogs
38%
He Thought of Cars
37%
Birthday
36%
Good Song
36%
Lot 105
36%
Mr. Robinson's Quango
36%
Pressure on Julian
36%
Chinese Bombs
35%
Trimm Trabb
35%
Bugman
34%
Crazy Beat
34%
Ong Ong
34%
Best Days
33%
Caramel
33%
Death of a Party
33%
Sweet Song
33%
Trouble in the Message Centre
33%
Ernold Same
32%
Intermission
32%
Magic America
32%
B.L.U.R.E.M.I.
31%
Country Sad Ballad Man
31%
Globe Alone
31%
Ambulance
30%
Lonesome Street
30%
Swamp Song
29%
The Debt Collector
28%
Top Man
28%
Ice Cream Man
27%
1992
26%
Coping
26%
Ghost Ship
26%
It Could Be You
26%
Look Inside America
26%
BlurBad Day
25%
Entertain Me
25%
Far Out
25%
The Magic WhipFool
25%
I'm Just a Killer for Your Love
25%
Turn It Up
25%
Go Out
24%
ParklifeSlow Down
24%
Strange News from Another Star
24%
Trailerpark
24%
Battle
23%
Movin' On
23%
Pyongyang
23%
The Great EscapeRepetition
23%
Wear Me Down
23%
Battery in Your Leg
22%
Fade Away
22%
Caravan
21%
Come Together
21%
My Terracotta Heart
21%
Resigned
21%
Commercial Break
20%
High Cool
20%
Theme from Retro
20%
There Are Too Many of Us
20%
Mellow Song
19%
Mirrorball
19%
New World Towers
19%
Optigan 1
19%
We've Got a File on You
19%
Brothers and Sisters
17%
I Broadcast
17%
Thought I Was a Spaceman
17%
Jets
16%
On the Way to the Club
13%
Gene by Gene
11%
Moroccan Peoples Revolutionary Bowls Club
9%

Score Distribution

Percentile by Number Answered

Percent of People with Each Score

Your Score History

You have not taken this quiz